00791nam a2200181 a 450000100100000000500170001000800410002704000250006808200150009310000430010824500790015126000570023030000360028750000430032395201130036695201130047999900170059200004551320201002052306.0150413s1988 dr ac 000 0 spa d aDO-SdBNPbspacBNPHU axxxxbxxxx1 aMontero, Pedro Generoso,d1967-97356610aCurso teorico para la enseñanza del karate-do /cPedro Generoso Montero. aSanto Domingo :bAlfa y Omega,bBancredicard,c1988. a110 p. :bil., retrs. ;c17 cm. aIncluye datos biográficos del autor. 0010718PDaPDbPDcCTd2015-04-13iLF1l0oxxxx xxxxp45513-10r2020-06-25w2020-06-25yLFPDZNo se presta 0010718PDaPDbPDcHDd2015-04-13iLF1l0oxxxx xxxxp45514-10r2020-06-25w2020-06-25yLFPDZNo se presta c45002d45002